Science Quiz

Random Science Quiz

Parts of a flower Quiz Stats

 Plays Quiz not verified by Sporcle

Support Sporcle.
Go Orange.
Score 0/13 Timer 05:00
0 Plays Today
hints part % Correct
last two together is called?stamen
91.3%
what is the pollen producer?anther
90.8%
what is the sticky part that the pollen sticks to?stigma
87.9%
what holds up the pollen producer?filament
85.5%
was the last one male or female?male
82.7%
whats just under the sticky part?style
82.1%
attracts bees and other animals with their scent and colorpetal
79.8%
is the last one male or female?female
72.8%
did this help you study for your test?yes
69.4%
what are the last four called together?pistil
64.2%
holds up the last onesepal
56.6%
in the last oneseed
23.7%
on the bottom of the last oneembryo
22.5%

You're not logged in!

Compare scores with friends on all Sporcle quizzes.
OR
Log In

From the Vault

Album of the Year Grammy Winners

by Ben

The small, gilded gramophone statuette is coveted by some and despised by others, but hey, somebody's gotta win it!
Remove Ads.
Support Sporcle.
Get the best of Sporcle when you Go Orange. This ad-free experience offers more features, more stats, and more fun while also helping to support Sporcle. Thank you for becoming a member.

Show Comments

Extras

Created Feb 15, 2011ReportNominate
Tags:Flower

Top Quizzes Today


Score Distribution

Your Account Isn't Verified!

In order to create a playlist on Sporcle, you need to verify the email address you used during registration. Go to your Sporcle Settings to finish the process.

Report this User

Report this user for behavior that violates our Community Guidelines.

Details: